| 000 | 00636nam a2200229Ia 4500 | ||
|---|---|---|---|
| 003 | IN-BaIIA | ||
| 008 | 211028s9999 xx 000 0 eng d | ||
| 020 | _a0-8-009103-2 | ||
| 040 | _cIIA Library | ||
| 080 |
_a530.1 _bLAN-4 |
||
| 100 |
_aLandau, L. D _93500 |
||
| 245 | 0 |
_aStatistical physics _cL. D. Landauand E. M. Lifshitz |
|
| 250 | _a2nd ed. | ||
| 260 |
_aOxford _bPergamon Press _c1969 |
||
| 300 | _axii, 484p. | ||
| 490 | _aTheir Course of theoretical physics; v. 5 | ||
| 650 | _aNASA thesaurus | ||
| 650 |
_aStatistical physics _94158 |
||
| 650 |
_aTheoretical physics _91581 |
||
| 700 | _aLifshitz, E. M. | ||
| 942 | _cBK | ||
| 999 |
_c4380 _d4380 |
||